[Event "ICS rated blitz match"]
[Site "204.178.125.65"]
[Date "1999.11.05"]
[Round "?"]
[White "Hossa"]
[Black "Varguz"]
[Result "0-1"]
[WhiteElo "2385"]
[BlackElo "2846"]
[PlyCount "115"]
[EventDate "1999.??.??"]

1. c4 c6 2. e4 d5 3. cxd5 cxd5 4. exd5 Nf6 5. Nc3 Nxd5 6. Nf3 Nc6 7. d4 Bg4 8.
Be2 e6 9. O-O Be7 10. Be3 O-O 11. Qb3 Nxe3 12. fxe3 Qc7 13. Rac1 Rac8 14. Bd3
Bxf3 15. Rxf3 Qb8 16. Rh3 h6 17. Be4 Rfd8 18. Rf1 Bg5 19. Bxc6 bxc6 20. Qa3 Re8
21. Ne4 Be7 22. Qc3 Qb5 23. Qc2 c5 24. Qf2 Rf8 25. Rh5 f5 26. Nc3 Qc4 27. Rd1
Rfd8 28. Ne2 cxd4 29. exd4 Qxa2 30. Nc3 Qb3 31. Rd3 Qb6 32. Qd2 Bf6 33. Kh1
Bxd4 34. Nd1 Bxb2 35. Rhh3 Bf6 36. Rhf3 Qb1 37. Qe2 Kh8 38. Rxd8+ Rxd8 39. Rf1
Qd3 40. Qe1 Qd2 41. Ne3 Qxe1 42. Rxe1 a5 43. Nc4 a4 44. Kg1 Rd4 45. Ne5 a3 46.
Ng6+ Kh7 47. Nf8+ Kg8 48. Nxe6 Re4 49. Rb1 a2 50. Rb8+ Kf7 51. Ra8 a1=Q+ 52.
Rxa1 Bxa1 53. Nd8+ Ke7 54. Nc6+ Kd6 55. Na5 Bc3 56. Nb3 Re1+ 57. Kf2 Rb1 58.
Na5 {Hossa resigns} 0-1

[Event "ICS rated blitz match"]
[Site "204.178.125.65"]
[Date "1999.11.05"]
[Round "?"]
[White "PostModernist"]
[Black "Hossa"]
[Result "1/2-1/2"]
[WhiteElo "2568"]
[BlackElo "2413"]
[PlyCount "124"]
[EventDate "1999.??.??"]

1. Nf3 c5 2. c4 Nf6 3. d4 cxd4 4. Nxd4 Nc6 5. Nc3 Nxd4 6. Qxd4 d6 7. Bg5 e5 8.
Qd2 Be7 9. Bxf6 Bxf6 10. O-O-O Bg5 11. e3 Bg4 12. f3 Be6 13. Nb5 O-O 14. Nxd6
Qb6 15. f4 Bg4 16. Be2 Bxe2 17. Qxe2 exf4 18. Rd5 Bh6 19. Nf5 fxe3 20. Rd6 Qc5
21. Qg4 Rfc8 22. Ne7+ Kh8 23. Nxc8 Rxc8 24. Kb1 f5 25. Qd4 Qxd4 26. Rxd4 Kg8
27. Rd7 Rb8 28. Rhd1 f4 29. R1d5 Re8 30. Rd8 Rxd8 31. Rxd8+ Kf7 32. Rd1 Ke7 33.
b4 Ke6 34. c5 Bg5 35. Kc2 Ke5 36. b5 Ke6 37. c6 bxc6 38. bxc6 e2 39. Re1 Kd6
40. Rxe2 Kxc6 41. Re5 h6 42. Re6+ Kb5 43. Kd3 a5 44. Rg6 Bf6 45. g3 fxg3 46.
Rxg3 Be5 47. Rg6 Bxh2 48. Rxg7 Be5 49. Rg1 a4 50. Ke4 Bc3 51. Rb1+ Kc4 52. Rb6
Bd2 53. Rb7 Bg5 54. Rb8 Kc3 55. Rb6 Bc1 56. Rc6+ Kb2 57. Kd3 Kb1 58. Rc2 Bb2
59. Rh2 Kxa2 60. Rxh6 Kb1 61. Ra6 a3 62. Rxa3 62... Bxa3 {
Game drawn because neither player has mating material} 1/2-1/2

[Event "ICS rated blitz match"]
[Site "204.178.125.65"]
[Date "1999.11.05"]
[Round "?"]
[White "Hossa"]
[Black "LeonGM"]
[Result "0-1"]
[WhiteElo "2420"]
[BlackElo "2535"]
[PlyCount "131"]
[EventDate "1999.??.??"]

1. c4 e5 2. Nc3 Nf6 3. Nf3 Nc6 4. d4 exd4 5. Nxd4 Bb4 6. Bg5 h6 7. Bh4 Ne5 8.
e4 Bxc3+ 9. bxc3 Ng6 10. Bxf6 Qxf6 11. Be2 O-O 12. O-O d6 13. Nb5 Qe7 14. Bd3
a6 15. Nd4 Ne5 16. f4 Nxd3 17. Qxd3 Bd7 18. Rab1 b6 19. Qe3 Rfe8 20. Rfe1 f5
21. e5 dxe5 22. Qxe5 Qxe5 23. fxe5 Be6 24. Rb2 Kf7 25. Rf2 Kg6 26. c5 bxc5 27.
Nb3 Bxb3 28. axb3 Re6 29. Rf3 Rae8 30. Rg3+ Kf7 31. Rge3 Rb6 32. c4 Ke6 33. Rg3
g5 34. Rh3 Rh8 35. Kf2 f4 36. Rd3 Rhb8 37. Rh3 Kf5 38. e6 Rxe6 39. Rxe6 Kxe6
40. Rxh6+ Kd7 41. Rg6 Rxb3 42. Rxg5 Kc6 43. Rf5 a5 44. Rxf4 a4 45. Re4 a3 46.
Re6+ Kb7 47. Re1 Kb6 48. Re8 Ka5 49. Rc8 Rb6 50. Ra8+ Ra6 51. Rd8 a2 52. Rd1
Kb4 53. Ra1 Kxc4 54. h4 Kb3 55. g4 Kb2 56. Rg1 c4 57. Re1 c3 58. g5 c2 59. g6
Rxg6 60. Re5 c1=Q 61. Rb5+ Ka3 62. Ra5+ Kb3 63. Rb5+ Kc4 64. Rb4+ Kxb4 65. Kf3
a1=Q 66. h5 {Hossa resigns} 0-1

[Event "ICS Rated blitz match"]
[Site "204.178.125.65"]
[Date "1999.11.05"]
[Round "?"]
[White "Hossa"]
[Black "GaryG"]
[Result "0-1"]
[WhiteElo "2409"]
[BlackElo "2536"]
[PlyCount "111"]
[EventDate "1999.??.??"]

1. d4 c5 2. d5 f5 3. Nc3 Nf6 4. Nf3 d6 5. Bf4 Qb6 6. Rb1 e5 7. dxe6 Bxe6 8. Ng5
Bg8 9. e3 h6 10. Nf3 g5 11. Bg3 Ne4 12. Be2 Qa5 13. Nd2 Nxc3 14. bxc3 Bd5 15.
Bh5+ Kd8 16. O-O Qxc3 17. Nb3 Bc6 18. Bxd6 Nd7 19. Rc1 Be4 20. Re1 b6 21. Bxf8
Rxf8 22. Qe2 Nf6 23. Bg6 Qe5 24. f3 Bd5 25. Red1 Kc7 26. c4 Be6 27. Qf2 Rad8
28. f4 Qe4 29. Rxd8 Rxd8 30. Nd2 Qd3 31. fxg5 hxg5 32. Nf1 Rg8 33. Qg3+ Qd6 34.
Qxg5 Bd7 35. Ng3 Ng4 36. Qf4 Rxg6 37. Re1 Qxf4 38. exf4 Re6 39. Rd1 Ne3 40. Rc1
Bc6 41. Re1 Kd7 42. Rc1 Ke7 43. Nh5 Nxg2 44. Ng3 Nxf4 45. Nxf5+ Kf7 46. Ng3 Rf6
47. h4 Rg6 48. Kh2 Rxg3 49. Kxg3 Ne2+ 50. Kf2 Nxc1 51. Ke3 Nxa2 52. Kf2 Kg6 53.
Ke3 Kh5 54. Kf4 Kxh4 55. Ke5 Nb4 56. Kd6 {Hossa resigns} 0-1

[Event "ICS rated blitz match"]
[Site "204.178.125.65"]
[Date "1999.11.05"]
[Round "?"]
[White "GaryG"]
[Black "Hossa"]
[Result "1-0"]
[WhiteElo "2574"]
[BlackElo "2406"]
[PlyCount "117"]
[EventDate "1999.??.??"]

1. e4 c5 2. Nf3 d6 3. Nc3 Nf6 4. e5 dxe5 5. Nxe5 Nbd7 6. Nc4 e6 7. Be2 Be7 8.
O-O a6 9. Bf3 Rb8 10. d4 cxd4 11. Qxd4 O-O 12. Bf4 Ra8 13. Rad1 Bc5 14. Qd3 Be7
15. Rfe1 Bc5 16. Rd2 Be7 17. Red1 Bb4 18. Qe3 Re8 19. Ne5 Re7 20. a3 Ba5 21.
Rd6 Bc7 22. R6d3 Bb6 23. Qe2 Ba7 24. h3 Bb8 25. Bg3 a5 26. R3d2 Bc7 27. Nb5 Bb8
28. Nd6 Bxd6 29. Rxd6 h6 30. Bh2 a4 31. Bf4 Ra5 32. Bg3 Rc5 33. R6d4 Nd5 34.
Rxa4 Nxe5 35. Bxe5 Rd7 36. Rg4 Nf6 37. Rxd7 Bxd7 38. Rd4 Qc8 39. Bxf6 gxf6 40.
Qd2 Rc7 41. Qxh6 Rc4 42. Be4 f5 43. Rd3 Rxe4 44. Rg3+ Rg4 45. hxg4 Qb8 46. f4
Qa7+ 47. Kh2 Qf2 48. Qg5+ Kf8 49. Rh3 Qxf4+ 50. Qxf4 Ba4 51. Qd4 Ke7 52. Qc5+
Kf6 53. Rh6+ Kg7 54. g5 Bb5 55. Qc8 Be8 56. Qxe8 f6 57. Rxf6 e5 58. Qf8+ Kh7
59. Rh6# {Hossa checkmated} 1-0

[Event "ICS rated blitz match"]
[Site "204.178.125.65"]
[Date "1999.11.06"]
[Round "?"]
[White "Hossa"]
[Black "LeonGM"]
[Result "1-0"]
[WhiteElo "2403"]
[BlackElo "2550"]
[PlyCount "107"]
[EventDate "1999.??.??"]

1. e4 c5 2. Nf3 e6 3. Nc3 a6 4. d4 cxd4 5. Nxd4 b5 6. e5 Qc7 7. Bf4 Bb7 8. a4
b4 9. Nce2 Ne7 10. Bd2 Nd5 11. a5 Qxe5 12. c4 bxc3 13. bxc3 Qc7 14. Rb1 Bc5 15.
c4 Nf6 16. f3 Nc6 17. Nxc6 Bxc6 18. Nc3 O-O 19. Na4 Bxa4 20. Qxa4 Rab8 21. Rb3
Rxb3 22. Qxb3 Rb8 23. Qd3 Qe5+ 24. Be2 Qa1+ 25. Bd1 Rb1 26. Qe2 Rb2 27. Qd3 h6
28. g3 Rb1 29. Qe2 Qd4 30. g4 Rb2 31. h4 Bb4 32. Bxb4 Rxe2+ 33. Bxe2 Qa1+ 34.
Bd1 d5 35. g5 hxg5 36. hxg5 Qe5+ 37. Kf1 Qxg5 38. cxd5 Nxd5 39. Bd6 Qd2 40. Be2
Nc3 41. Bxa6 Qxd6 42. Bb7 Qd2 43. Ba6 Qe2+ 44. Bxe2 Nd5 45. a6 Nc7 46. a7 f5
47. Bc4 Kf7 48. Rh8 Ke7 49. Rc8 Na8 50. Rxa8 Kd6 51. Rd8+ Kc7 52. a8=Q Kb6 53.
Rc8 e5 54. Qa6# {LeonGM checkmated} 1-0

[Event "ICS rated bullet match"]
[Site "204.178.125.65"]
[Date "1999.11.06"]
[Round "?"]
[White "BlackJackmaster"]
[Black "Hossa"]
[Result "0-1"]
[WhiteElo "2254"]
[BlackElo "2404"]
[PlyCount "94"]
[EventDate "1999.??.??"]

1. d4 c5 2. c4 cxd4 3. e3 dxe3 4. Bxe3 Nf6 5. Nc3 Nc6 6. Qc2 Ng4 7. Nf3 Nxe3 8.
fxe3 g6 9. O-O-O Bh6 10. h4 Bxe3+ 11. Kb1 Bh6 12. h5 g5 13. g4 d6 14. Bd3 Bxg4
15. Rdf1 Bxf3 16. Rxf3 Nd4 17. Qf2 Nxf3 18. Qxf3 Bg7 19. Nd5 e6 20. h6 Be5 21.
Ne3 O-O 22. Rg1 Qe7 23. Ng4 f5 24. Nf2 Bd4 25. Rg2 Rae8 26. a3 b5 27. Ka2 bxc4
28. Bxc4 Kh8 29. Bb3 e5 30. Nd1 g4 31. Qe2 Qc7 32. Qc2 Qb7 33. Rd2 Qb6 34. Qc4
Bc5 35. Qd5 Rf6 36. Nc3 Be3 37. Rd3 Bxh6 38. Qc4 Qb7 39. Nd5 Rf7 40. Rd1 Rc8
41. Qf1 f4 42. Qd3 Bg7 43. Nc3 Rd7 44. Ne4 Rc6 45. Bd5 Qb6 46. Ng5 e4 47. Qxe4
47... Qxb2# {BlackJackmaster checkmated} 0-1

[Event "ICS rated standard match"]
[Site "204.178.125.65"]
[Date "1999.11.06"]
[Round "?"]
[White "Hossa"]
[Black "Jespi"]
[Result "1-0"]
[WhiteElo "2244"]
[BlackElo "2100"]
[PlyCount "82"]
[EventDate "1999.??.??"]

1. e4 d6 2. Nf3 c6 3. Nc3 e5 4. d4 Nd7 5. Be3 Be7 6. Bc4 h6 7. O-O Ngf6 8. Qd3
Qc7 9. Rad1 Nf8 10. dxe5 dxe5 11. Rd2 Be6 12. a3 Bxc4 13. Qxc4 Ne6 14. Rfd1 O-O
15. a4 a6 16. Qb3 b5 17. Re2 Rfd8 18. Ree1 Rxd1 19. Rxd1 b4 20. Na2 c5 21. Qc4
a5 22. Nc1 Qc6 23. Nxe5 Qxe4 24. Qxe4 Nxe4 25. Nb3 Bf6 26. Nc4 Nd4 27. Bxd4
cxd4 28. Nbxa5 Nc5 29. b3 d3 30. cxd3 Rd8 31. Nc6 Rc8 32. Nxb4 Nxb3 33. Nd5 Bd8
34. Re1 Bg5 35. f4 Bh4 36. g3 Bf6 37. Nxf6+ gxf6 38. Nd6 Ra8 39. Re8+ Rxe8 40.
Nxe8 Kf8 41. Nxf6 41... Kg7 {Jespi resigns} 1-0

[Event "ICS rated standard match"]
[Site "204.178.125.65"]
[Date "1999.11.06"]
[Round "?"]
[White "MaxwellGreen"]
[Black "Hossa"]
[Result "1-0"]
[WhiteElo "2088"]
[BlackElo "2244"]
[PlyCount "103"]
[EventDate "1999.??.??"]

1. d4 c5 2. dxc5 Na6 3. Qd4 f6 4. b4 e5 5. Qc4 d5 6. cxd6 Bxd6 7. c3 Bd7 8. Nd2
Rc8 9. Qb3 Bb8 10. e4 Nc7 11. Bc4 Nh6 12. a4 Qe7 13. Ba3 Ne6 14. Ngf3 Nf7 15.
O-O O-O 16. Rfd1 Nf4 17. b5 Bd6 18. Bxd6 Qxd6 19. Nf1 Qc7 20. Ne3 Be8 21. a5
Qc5 22. g3 Nh3+ 23. Kg2 Nhg5 24. Nxg5 fxg5 25. Rd2 b6 26. Kg1 Qc7 27. axb6 axb6
28. Rad1 Qc5 29. Rd7 Ra8 30. R7d5 Qc7 31. Nf5 g4 32. R5d2 Qc5 33. Nd6 Ra3 34.
Qb2 Ra4 35. Be6 Qa3 36. Qc2 Ra7 37. Nxe8 Rxe8 38. Bxg4 Rf8 39. Be6 Rc7 40. Rd7
Rxd7 41. Rxd7 h5 42. Qd2 h4 43. gxh4 Qa1+ 44. Kg2 Qb1 45. Qd5 Kh8 46. Rxf7 Rg8
47. Rf5 Qd1 48. Qxd1 g6 49. Rf7 Rg7 50. Qd7 g5 51. Rxg7 gxh4 52. Rg8# {
Hossa checkmated} 1-0

[Event "ICS rated blitz match"]
[Site "204.178.125.65"]
[Date "1999.11.06"]
[Round "?"]
[White "Skeletor"]
[Black "Hossa"]
[Result "1-0"]
[WhiteElo "2667"]
[BlackElo "2425"]
[PlyCount "128"]
[EventDate "1999.??.??"]

1. d4 Nf6 2. c4 e6 3. Nc3 Bb4 4. e3 c5 5. Bd3 Nc6 6. Nge2 cxd4 7. exd4 d5 8.
cxd5 exd5 9. O-O O-O 10. a3 Bd6 11. Re1 Re8 12. Nb5 Bb8 13. h3 Ne4 14. Nec3 Nd6
15. Be3 Nf5 16. Bxf5 Bxf5 17. Qf3 Be6 18. Na4 a6 19. Nbc3 Ba7 20. Rad1 Qd7 21.
Rd2 Rad8 22. b4 Qd6 23. Nc5 Bc8 24. Rde2 Bb8 25. Bf4 Rxe2 26. Qxe2 Qf8 27. Bxb8
Nxb8 28. Qa2 Nc6 29. Nxd5 Qd6 30. Nb6 Nxd4 31. Nxc8 Rxc8 32. Nxb7 Qf4 33. Nc5
a5 34. Re4 Qc1+ 35. Kh2 Nb5 36. Qe2 Nc7 37. Re7 Qg5 38. Na6 Kf8 39. Re5 Qd8 40.
Rxa5 Qd6+ 41. g3 Ne6 42. Qe3 Nd4 43. Nc5 Qd5 44. Ne4 Qd8 45. Rc5 Ra8 46. Ng5 h6
47. Nf3 Ne6 48. Rc3 Kg8 49. b5 Qd1 50. Rd3 Qb1 51. b6 Rb8 52. Rd6 Qf5 53. Ne5
Ng5 54. Nd7 Qxh3+ 55. Kg1 Rc8 56. Rd3 Qf5 57. b7 Rd8 58. b8=Q Rxb8 59. Nxb8 Kh7
60. f3 h5 61. Nd7 Kg8 62. Kf2 Ne6 63. Rd6 Qh3 64. Qe1 64... Qh2+ {Hossa resigns
} 1-0

[Event "ICS Rated standard match"]
[Site "204.178.125.65"]
[Date "1999.11.06"]
[Round "?"]
[White "Hossa"]
[Black "robbok1"]
[Result "1/2-1/2"]
[WhiteElo "2234"]
[BlackElo "2493"]
[PlyCount "150"]
[EventDate "1999.??.??"]

1. d4 Nf6 2. c4 c5 3. dxc5 e5 4. Nc3 Bxc5 5. e4 Qb6 6. Qd2 Nc6 7. Na4 Qb4 8.
Nxc5 Qxc5 9. f3 d6 10. Qc3 Be6 11. Be3 Qb4 12. Bd2 a5 13. Qxb4 axb4 14. Bd3 Nd7
15. Ne2 Nc5 16. Nc1 Nd4 17. Rb1 Nxd3+ 18. Nxd3 b3 19. a3 Bxc4 20. Nb4 O-O 21.
Rc1 Rac8 22. Be3 f5 23. Kd2 fxe4 24. fxe4 Kf7 25. Rc3 Nb5 26. Rcc1 Ke6 27. a4
Nd4 28. Rhe1 Rc5 29. Ra1 Kd7 30. Rec1 Rcc8 31. a5 Ke6 32. Rg1 d5 33. exd5+ Bxd5
34. Bxd4 exd4 35. Kd3 Rf2 36. Rge1+ Kd6 37. Nxd5 Kxd5 38. Ra4 Rcc2 39. Rxd4+
Kc6 40. Re6+ Kc7 41. Re7+ Kb8 42. Rxg7 Rfd2+ 43. Ke3 Re2+ 44. Kd3 Red2+ 45. Ke3
Rxg2 46. Rxg2 Rxg2 47. Rd2 Rg5 48. Kd4 Rxa5 49. Kc4 Kc7 50. Kxb3 Kc6 51. Rc2+
Rc5 52. Rxc5+ Kxc5 53. Ka4 Kc4 54. Ka5 Kc5 55. Ka4 h5 56. h4 Kc4 57. Ka5 Kb3
58. Kb6 Kxb2 59. Kxb7 Kc3 60. Kc6 Kd4 61. Kd6 Ke4 62. Ke6 Kf4 63. Kd5 Kg3 64.
Ke5 Kxh4 65. Kf4 Kh3 66. Kf3 Kh2 67. Kf4 h4 68. Kf3 Kh3 69. Kf2 Kg4 70. Kg2 Kh5
71. Kh3 Kg5 72. Kg2 Kg4 73. Kh2 h3 74. Kg1 Kg3 75. Kh1 75... h2 {
Hossa stalemated} 1/2-1/2

[Event "ICS rated blitz match"]
[Site "204.178.125.65"]
[Date "1999.11.06"]
[Round "?"]
[White "Hossa"]
[Black "ljb"]
[Result "1-0"]
[WhiteElo "2419"]
[BlackElo "2168"]
[PlyCount "55"]
[EventDate "1999.??.??"]

1. d4 Nf6 2. c4 g6 3. Nc3 Bg7 4. e4 d6 5. f3 O-O 6. Be3 Nc6 7. Nge2 a6 8. Qd2
Re8 9. Bh6 Bh8 10. d5 Ne5 11. Ng3 e6 12. Be2 exd5 13. cxd5 c5 14. h4 b5 15. h5
b4 16. Nd1 Bd7 17. hxg6 fxg6 18. Nf2 Bb5 19. O-O-O c4 20. Qxb4 Rb8 21. Qd2 c3
22. bxc3 Bxe2 23. Qxe2 Qa5 24. Rd2 Rec8 25. Rc2 Rxc3 26. Rxc3 Qxc3+ 27. Qc2
Qe3+ 28. Bxe3 {ljb resigns} 1-0

[Event "ICS rated blitz match"]
[Site "204.178.125.65"]
[Date "1999.11.06"]
[Round "?"]
[White "ljb"]
[Black "Hossa"]
[Result "1-0"]
[WhiteElo "2162"]
[BlackElo "2425"]
[PlyCount "57"]
[EventDate "1999.??.??"]

1. e4 e6 2. d4 d5 3. e5 c5 4. c3 Nc6 5. Nf3 Nge7 6. Bd3 Ng6 7. O-O Be7 8. Be3
c4 9. Bc2 O-O 10. Nbd2 b5 11. Ne1 Ba6 12. a3 Qa5 13. f4 Qb6 14. g4 Nh4 15. Nef3
Ng6 16. Qe2 Bc8 17. Kh1 a5 18. f5 Nh8 19. Ng5 exf5 20. gxf5 f6 21. Nxh7 Kxh7
22. Qh5+ Kg8 23. Rg1 Nf7 24. e6 Ng5 25. Rxg5 fxg5 26. f6 Bxe6 27. Bh7+ Kh8 28.
Bg6+ Kg8 29. Qh7# {Hossa checkmated} 1-0

[Event "ICS rated blitz match"]
[Site "204.178.125.65"]
[Date "1999.11.06"]
[Round "?"]
[White "Hossa"]
[Black "Amateur"]
[Result "0-1"]
[WhiteElo "2399"]
[BlackElo "2518"]
[PlyCount "268"]
[EventDate "1999.??.??"]

1. e4 e5 2. Nf3 Nc6 3. Bb5 a6 4. Bxc6 dxc6 5. O-O Bg4 6. Nc3 Qf6 7. Kh1 Bc5 8.
d3 Ne7 9. h3 Bxf3 10. Qxf3 Qxf3 11. gxf3 O-O-O 12. Rg1 Rhg8 13. Kg2 Ng6 14. Kg3
Be7 15. Kg4 Nh4 16. f4 Rd6 17. f5 g6 18. f6 Bxf6 19. Be3 h5+ 20. Kg3 g5 21. f3
g4 22. fxg4 hxg4 23. hxg4 Ng6 24. Rh1 Rd7 25. Raf1 Bd8 26. a4 f6 27. Rf5 Rf7
28. Rh6 Rfg7 29. Kh3 Nf8 30. Rh4 Nh7 31. Kg3 Rd7 32. b3 Rdg7 33. Bh6 Rf7 34.
Rhh5 c5 35. Kf3 Rd7 36. Be3 c4 37. bxc4 c6 38. c5 Rh8 39. Ke2 Rg8 40. Rh4 Bc7
41. Kf3 Rdg7 42. Rh3 Bd8 43. Rhh5 Re8 44. Rh4 Be7 45. Kg3 Bd8 46. Bh6 Rd7 47.
Rh1 Rh8 48. Rb1 Bc7 49. Kf3 Ba5 50. Nd1 Re7 51. Rb3 Rd7 52. Nb2 Bc7 53. Nc4 Kb8
54. Nb6 Re7 55. a5 Rg8 56. Rb1 Rf7 57. Rb2 Re7 58. Kg3 Rf7 59. Kh4 Rh8 60. Kh5
Re7 61. Rb1 Bd8 62. Nc4 Rd7 63. Rbf1 Ka7 64. Nb6 Rc7 65. c3 Re8 66. Rb1 Rh8 67.
Rff1 Ng5 68. Kg6 Rg8+ 69. Kf5 Nh7 70. Rh1 Rf7 71. Rh2 Kb8 72. Be3 Rfg7 73. d4
Nf8 74. dxe5 fxe5 75. Rh5 Rf7+ 76. Kxe5 Bf6+ 77. Kf4 Bg5+ 78. Kg3 Bxe3 79. Nc4
Bf4+ 80. Kf3 Rg5 81. Rxg5 Bxg5+ 82. Ke2 Re7 83. Nd6 Ne6 84. Nf5 Rh7 85. Nd4
Rh2+ 86. Kf3 Rh3+ 87. Kg2 Nf4+ 88. Kf2 Bh4+ 89. Kg1 Rg3+ 90. Kh1 Nd3 91. Kh2
Ne5 92. Nf5 Nxg4+ 93. Kh1 Rh3+ 94. Kg2 Rh2+ 95. Kf3 Ne5+ 96. Kf4 Nd3+ 97. Kf3
Bd8 98. Kg3 Ra2 99. Nd4 Kc8 100. Nf5 Nxc5 101. Nd6+ Kb8 102. Rf1 Bxa5 103. Rf5
Bc7 104. e5 Nd7 105. Rf7 Nb6 106. Rf8+ Ka7 107. Rf2 Ra5 108. Rf7 Bxd6 109. exd6
Rd5 110. Rf6 Nc4 111. Kf4 Rxd6 112. Rxd6 Nxd6 113. Ke5 Nc4+ 114. Kd4 Na3 115.
Ke3 Kb6 116. Kd4 c5+ 117. Ke3 Kb5 118. Ke4 Kc4 119. Ke5 a5 120. Kf6 a4 121. Ke7
Nc2 122. Kd7 a3 123. Kc7 b5 124. Kd6 a2 125. Ke5 a1=Q 126. Kf4 Qf1+ 127. Ke4
Qf8 128. Ke5 Qe7+ 129. Kf5 Kxc3 130. Kf4 Qf6+ 131. Kg4 Ne3+ 132. Kg3 c4 133.
Kh3 Qf3+ 134. Kh4 134... Qg4# {Hossa checkmated} 0-1

[Event "ICS rated blitz match"]
[Site "204.178.125.65"]
[Date "1999.11.06"]
[Round "?"]
[White "ljb"]
[Black "Hossa"]
[Result "0-1"]
[WhiteElo "2169"]
[BlackElo "2388"]
[PlyCount "82"]
[EventDate "1999.??.??"]

1. e4 d5 2. exd5 Qxd5 3. Nc3 Qd6 4. d3 Nc6 5. g3 Bf5 6. Bg2 O-O-O 7. Nf3 Qd7 8.
O-O h6 9. Be3 e5 10. a3 Bh3 11. b4 f6 12. Re1 Nge7 13. Bh1 Nf5 14. b5 Ncd4 15.
Bxd4 Nxd4 16. Nxd4 Qxd4 17. Qf3 Qxc3 18. Qxb7+ Kd7 19. Bc6+ Kd6 20. d4 Ke6 21.
dxe5 Bc5 22. Qxc7 Bxf2+ 23. Kxf2 Rd2+ 24. Kg1 Qc5+ 25. Kh1 Bg2+ 26. Bxg2 Qxc7
27. exf6+ Kxf6 28. Rf1+ Ke6 29. Rae1+ Kd6 30. Bh3 Qxc2 31. Re6+ Kd5 32. Rf5+
Kxe6 33. Rc5+ Kf6 34. Rxc2 Rxc2 35. Bg2 Rc1+ 36. Bf1 Rxf1+ 37. Kg2 Ra1 38. Kf3
Rxa3+ 39. Ke4 Rd8 40. g4 Rad3 41. h4 41... R8d4# {ljb checkmated} 0-1

[Event "ICS rated blitz match"]
[Site "204.178.125.65"]
[Date "1999.11.06"]
[Round "?"]
[White "Hossa"]
[Black "ljb"]
[Result "1-0"]
[WhiteElo "2395"]
[BlackElo "2162"]
[PlyCount "61"]
[EventDate "1999.??.??"]

1. e4 e6 2. d4 d5 3. e5 c5 4. c3 Nc6 5. Nf3 Nge7 6. Bd3 Ng6 7. O-O a6 8. Bg5
Be7 9. Bxe7 Qxe7 10. Bxg6 hxg6 11. Nbd2 c4 12. Qe2 b5 13. Qe3 a5 14. Qf4 b4 15.
a3 b3 16. Rae1 a4 17. Re3 Rh5 18. h4 Bd7 19. Rfe1 O-O-O 20. Ng5 Rf8 21. Ndf3
Qe8 22. R1e2 Ne7 23. Rd2 Nf5 24. Re1 Rh6 25. Rdd1 Qe7 26. Kf1 Rfh8 27. g3 Rf8
28. Nd2 f6 29. Ngf3 g5 30. exf6 gxf6 31. Qxf5 {ljb resigns} 1-0

[Event "ICS Rated blitz match"]
[Site "204.178.125.65"]
[Date "1999.11.06"]
[Round "?"]
[White "ljb"]
[Black "Hossa"]
[Result "0-1"]
[WhiteElo "2155"]
[BlackElo "2402"]
[PlyCount "60"]
[EventDate "1999.??.??"]

1. e4 d5 2. exd5 Qxd5 3. Nc3 Qd6 4. d3 Nc6 5. g3 Bf5 6. Bg2 O-O-O 7. Nf3 Qd7 8.
O-O h6 9. Be3 e5 10. a3 Bh3 11. Re1 Nf6 12. Bh1 Ng4 13. Qe2 Kb8 14. b4 Nd4 15.
Bxd4 exd4 16. Ne4 Qd5 17. Ned2 c5 18. bxc5 Bxc5 19. Nb3 Qd6 20. Rab1 Rd7 21.
Qe4 Bb6 22. a4 Rc8 23. a5 Bc5 24. Nxc5 Rxc5 25. a6 b5 26. Nxd4 Qxd4 27. Qa8+
Kc7 28. Qxa7+ Kd8 29. Qb8+ Rc8 30. a7 30... Qxf2# {ljb checkmated} 0-1

[Event "ICS rated blitz match"]
[Site "204.178.125.65"]
[Date "1999.11.06"]
[Round "?"]
[White "Hossa"]
[Black "ljb"]
[Result "1-0"]
[WhiteElo "2408"]
[BlackElo "2149"]
[PlyCount "193"]
[EventDate "1999.??.??"]

1. e4 e6 2. d4 d5 3. e5 c5 4. c3 Nc6 5. Nf3 Nge7 6. Bd3 Ng6 7. O-O a6 8. Bg5
Be7 9. Bxe7 Qxe7 10. Bxg6 hxg6 11. Nbd2 c4 12. Qe2 b5 13. Qe3 a5 14. Qf4 b4 15.
a3 b3 16. Rae1 a4 17. Re3 Bd7 18. Rfe1 O-O-O 19. Ng5 Rdf8 20. Ndf3 Be8 21. R3e2
Qd7 22. Rd2 Ne7 23. Re3 Nf5 24. Ree2 Rh6 25. Rd1 Rfh8 26. Rde1 Qe7 27. Rd2 Nh4
28. Re3 Nf5 29. Ree2 Nh4 30. Rd1 Rh5 31. Ree1 Nxf3+ 32. Nxf3 g5 33. Qg4 g6 34.
Re2 Bd7 35. Red2 Be8 36. Re1 Bd7 37. Rde2 Be8 38. Re3 Bd7 39. Rd1 Be8 40. Ree1
Bd7 41. Qg3 Be8 42. Ra1 Bd7 43. Red1 Be8 44. Qg4 Bd7 45. Rac1 Be8 46. Rf1 Bd7
47. Rb1 Be8 48. Rbe1 Bd7 49. Re3 Be8 50. Qg3 Bd7 51. Re2 Be8 52. Rd1 Bd7 53.
Rdd2 Be8 54. Re3 Bd7 55. Rde2 Be8 56. Qg4 Bd7 57. Rd2 Be8 58. Ree2 Bd7 59. Kh1
Be8 60. Qg3 Bd7 61. Re1 Be8 62. Rf1 Bd7 63. Kg1 Be8 64. Rb1 Bd7 65. Rdd1 Qf8
66. Nxg5 Qe7 67. Nf3 Be8 68. Qg4 Qf8 69. Rbc1 Qh6 70. Qg3 g5 71. Re1 Rg8 72.
Rcd1 g4 73. Nd2 Rh8 74. Nf1 Rg8 75. Ne3 Rhg5 76. Re2 Qg6 77. f4 gxf3 78. Qxf3
Qh6 79. Qf6 Qxf6 80. exf6 R5g6 81. Rf1 Kd7 82. g4 Kd8 83. Kg2 Kd7 84. h4 Kd8
85. Kg3 Bd7 86. Ref2 e5 87. dxe5 Bxg4 88. Kf4 Be6 89. Rd2 Rg3 90. Rh1 Kc7 91.
Nxd5+ Bxd5 92. Rxd5 Rg2 93. Ra5 Rxb2 94. Rxa4 Rc2 95. Rxc4+ Kd7 96. Rd1+ Ke8
97. Rc8# {ljb checkmated} 1-0

[Event "ICS rated blitz match"]
[Site "204.178.125.65"]
[Date "1999.11.06"]
[Round "?"]
[White "ljb"]
[Black "Hossa"]
[Result "0-1"]
[WhiteElo "2143"]
[BlackElo "2414"]
[PlyCount "61"]
[EventDate "1999.??.??"]

1. e4 d5 2. exd5 Qxd5 3. Nc3 Qd6 4. d3 Nc6 5. g3 Bf5 6. Bg2 O-O-O 7. Nf3 Qd7 8.
O-O h6 9. Be3 e5 10. a3 Bh3 11. Re1 Nf6 12. Bh1 Ng4 13. Qe2 Kb8 14. b4 Nd4 15.
Bxd4 exd4 16. Ne4 Qd5 17. Ned2 c5 18. bxc5 Bxc5 19. Nb3 Qd6 20. Rab1 Rd7 21. a4
Bb4 22. Red1 Re7 23. Nbxd4 Rxe2 24. Nxe2 Qc5 25. Nfd4 Re8 26. c3 Bxc3 27. Rxb7+
Kc8 28. Rb5 Bxd4 29. Nxd4 Qc3 30. Nf3 Qc2 31. Rc5+ {ljb resigns} 0-1

[Event "ICS rated blitz match"]
[Site "204.178.125.65"]
[Date "1999.11.06"]
[Round "?"]
[White "Hossa"]
[Black "ljb"]
[Result "0-1"]
[WhiteElo "2420"]
[BlackElo "2137"]
[PlyCount "65"]
[EventDate "1999.??.??"]

1. e4 e6 2. d4 d5 3. e5 c5 4. c3 Nc6 5. Nf3 Nge7 6. Bd3 Ng6 7. O-O a6 8. Bg5
Be7 9. Bxe7 Qxe7 10. Bxg6 hxg6 11. Nbd2 f5 12. Nb3 c4 13. Nc5 b6 14. Na4 Rb8
15. b3 Na5 16. Qc2 Bd7 17. Nb2 b5 18. b4 Nc6 19. Qd2 Rh5 20. a4 g5 21. Qe3 g4
22. Ne1 Kf7 23. axb5 axb5 24. Qf4 Rbh8 25. f3 Rxh2 26. Qxh2 Rxh2 27. Rf2 g3 28.
Rc2 Qg5 29. Nd1 Qh4 30. Kf1 Nxd4 31. cxd4 Qxd4 32. Rca2 Qxe5 33. Nf2 {
Hossa resigns} 0-1

[Event "ICS rated blitz match"]
[Site "204.178.125.65"]
[Date "1999.11.06"]
[Round "?"]
[White "Amateur"]
[Black "Hossa"]
[Result "0-1"]
[WhiteElo "2529"]
[BlackElo "2393"]
[PlyCount "210"]
[EventDate "1999.??.??"]

1. e4 e6 2. d4 d5 3. Nd2 c5 4. exd5 Qxd5 5. Ngf3 cxd4 6. Bc4 Qc5 7. O-O Nc6 8.
Qe2 Qb6 9. Nb3 Nge7 10. Rd1 Nf5 11. Bd3 Nd6 12. Bf4 Bd7 13. Be5 Nxe5 14. Qxe5
O-O-O 15. Nfxd4 Qc7 16. Rac1 f6 17. Qe2 e5 18. Nb5 Nxb5 19. Bxb5 Be6 20. Rd3
Kb8 21. Qe4 Bd6 22. Rc3 Qb6 23. a4 g6 24. Rb1 Bf5 25. Qe2 Bb4 26. Re3 Qe6 27.
Rd1 Rxd1+ 28. Qxd1 Be7 29. Qc1 Rd8 30. a5 Bf8 31. Rg3 Qd5 32. Bd3 Bb4 33. a6 e4
34. Be2 Bd6 35. Rc3 b5 36. Na5 Rc8 37. Qh6 Rxc3 38. bxc3 Bc7 39. Nb3 Be5 40.
Qxh7 Bxc3 41. Qe7 Qc6 42. Qa3 b4 43. Qa5 Kc8 44. Nc5 e3 45. fxe3 Bxc2 46. Bb5
Qc7 47. Bd7+ Kb8 48. Qb5+ Qb6 49. Qc4 Bb3 50. Qf4+ Be5 51. Qe4 Kc7 52. Qb7+
Qxb7 53. axb7 Bd5 54. b8=Q+ Kxb8 55. Na6+ Kb7 56. Nxb4 Bf7 57. Bc6+ Kb6 58. Bd7
a5 59. Nd3 Bd6 60. g3 Kc7 61. Ba4 Bc4 62. Nb2 Bd5 63. Kf2 Be4 64. Bb5 Ba3 65.
Nc4 Bb4 66. Be8 Bd3 67. Nb2 Bc2 68. Kf3 Kd8 69. Ba4 Bf5 70. Bc6 Bh3 71. Nd3 g5
72. Nxb4 axb4 73. Bd5 Kd7 74. g4 Bf1 75. e4 Kd6 76. Kf2 Bb5 77. Ke3 Bd7 78. h3
Bb5 79. Kd4 Bf1 80. Bb3 Bxh3 81. Bd1 Bf1 82. Bf3 Ba6 83. Bd1 Bb5 84. Bf3 Ba4
85. Kc4 b3 86. Kc3 Bd7 87. Kxb3 Ke5 88. Kc4 Kf4 89. Bg2 Bxg4 90. Kd5 Bf3 91.
Bf1 Bxe4+ 92. Kd4 g4 93. Kc4 g3 94. Kc5 g2 95. Bxg2 Bxg2 96. Kd4 Kg3 97. Kd3 f5
98. Ke2 f4 99. Ke1 f3 100. Kd2 f2 101. Ke2 f1=Q+ 102. Kd2 Qc4 103. Kd1 Bh1 104.
Kd2 Bf3 105. Ke1 105... Qc1# {Amateur checkmated} 0-1